<?xml version="1.0" encoding="UTF-8"?><?xml-stylesheet type="text/xsl" href="static/style.xsl"?><OAI-PMH xmlns="http://www.openarchives.org/OAI/2.0/" xmlns:xsi="http://www.w3.org/2001/XMLSchema-instance" xsi:schemaLocation="http://www.openarchives.org/OAI/2.0/ http://www.openarchives.org/OAI/2.0/OAI-PMH.xsd"><responseDate>2026-04-17T14:25:02Z</responseDate><request verb="GetRecord" identifier="oai:www.recercat.cat:2445/119083" metadataPrefix="marc">https://recercat.cat/oai/request</request><GetRecord><record><header><identifier>oai:recercat.cat:2445/119083</identifier><datestamp>2025-12-05T00:01:33Z</datestamp><setSpec>com_2072_1057</setSpec><setSpec>col_2072_478917</setSpec></header><metadata><record xmlns="http://www.loc.gov/MARC21/slim" xmlns:dcterms="http://purl.org/dc/terms/" xmlns:xsi="http://www.w3.org/2001/XMLSchema-instance" xmlns:doc="http://www.lyncode.com/xoai" xsi:schemaLocation="http://www.loc.gov/MARC21/slim http://www.loc.gov/standards/marcxml/schema/MARC21slim.xsd">
   <leader>00925njm 22002777a 4500</leader>
   <datafield ind2=" " ind1=" " tag="042">
      <subfield code="a">dc</subfield>
   </datafield>
   <datafield ind2=" " ind1=" " tag="720">
      <subfield code="a">Lazarus, Jeffrey V.</subfield>
      <subfield code="e">author</subfield>
   </datafield>
   <datafield ind2=" " ind1=" " tag="720">
      <subfield code="a">Sperle, Ida</subfield>
      <subfield code="e">author</subfield>
   </datafield>
   <datafield ind2=" " ind1=" " tag="720">
      <subfield code="a">Spina, Alexander</subfield>
      <subfield code="e">author</subfield>
   </datafield>
   <datafield ind2=" " ind1=" " tag="720">
      <subfield code="a">Rockstroh, Jürgen Kurt</subfield>
      <subfield code="e">author</subfield>
   </datafield>
   <datafield ind2=" " ind1=" " tag="260">
      <subfield code="c">2018-01-17T16:19:05Z</subfield>
   </datafield>
   <datafield ind2=" " ind1=" " tag="260">
      <subfield code="c">2018-01-17T16:19:05Z</subfield>
   </datafield>
   <datafield ind2=" " ind1=" " tag="260">
      <subfield code="c">2016-10</subfield>
   </datafield>
   <datafield ind2=" " ind1=" " tag="260">
      <subfield code="c">2017-11-22T19:00:00Z</subfield>
   </datafield>
   <datafield ind2=" " ind1=" " tag="520">
      <subfield code="a">AIM: To investigate whether or not key populations affected by&#xd;
                hepatitis B and hepatitis C are being tested sufficiently for&#xd;
                these diseases throughout the European region. METHODS: We&#xd;
                searched MEDLINE and EMBASE for studies on HBV and HCV testing&#xd;
                in the 53 Member States of the World Health Organization&#xd;
                European Region following PRISMA criteria. RESULTS: 136&#xd;
                English-language studies from 24 countries published between&#xd;
                January 2007 and June 2013 were found. Most studies took place&#xd;
                in 6 countries: France, Germany, Italy, the Netherlands, Turkey,&#xd;
                and the United Kingdom. 37 studies (27%) addressed HBV, 46 (34%)&#xd;
                HCV, and 53 (39%) both diseases. The largest categories of study&#xd;
                populations were people who use drugs (18%) and health care&#xd;
                patient populations (17%). Far fewer studies focused on&#xd;
                migrants, prison inmates, or men who have sex with men.&#xd;
                CONCLUSIONS: The overall evidence base on HBV and HCV testing&#xd;
                has considerable gaps in terms of the countries and populations&#xd;
                represented and validity of testing uptake data. More research&#xd;
                is needed throughout Europe to guide efforts to provide testing&#xd;
                to certain key populations.</subfield>
   </datafield>
   <datafield tag="653" ind2=" " ind1=" ">
      <subfield code="a">Hepatitis vírica</subfield>
   </datafield>
   <datafield tag="653" ind2=" " ind1=" ">
      <subfield code="a">Europa</subfield>
   </datafield>
   <datafield tag="653" ind2=" " ind1=" ">
      <subfield code="a">Hepatitis vírica</subfield>
   </datafield>
   <datafield tag="653" ind2=" " ind1=" ">
      <subfield code="a">Europe</subfield>
   </datafield>
   <datafield ind2="0" ind1="0" tag="245">
      <subfield code="a">Are the testing needs of key European populations affected by&#xd;
                hepatitis B and hepatitis C being addressed? A scoping review of&#xd;
                testing studies in Europe</subfield>
   </datafield>
</record></metadata></record></GetRecord></OAI-PMH>